000 00719nam a2200181Ia 4500
008 090630s9999 xx 000 0 und d
082 _b276
100 _aधर्माधिकारी भाऊ.
245 _aगांधीजींचे गृहतआत्म.
_cधर्माधिकारी भाऊ.
260 _bसुलभ राष्ट्रीय.
_c1970
300 _a578
600 _aधर्माधिकारी भाऊ.
630 _aगांधीजींचे गृहतआत्म.
655 _aचरित्र.
700 _aधर्माधिकारी भाऊ.
730 _aगांधीजींचे गृहतआत्म.
942 _cBOOK
999 _c252132
_d252132